| Tag |
First Indicator |
Second Indicator |
Subfields |
| LEADER |
00000pam a2200000 a 4500 |
| 001 |
in00001409918 |
| 005 |
20151020070418.0 |
| 008 |
940602s1995 ilua j 000 1 eng |
| 010 |
|
|
|a 94022007
|
| 020 |
|
|
|a 080755507X
|
| 035 |
|
|
|a (OCoLC)30783245
|
| 035 |
|
|
|9 AHP8855AM
|
| 040 |
|
|
|a DLC
|c DLC
|d UtOrBLW
|
| 049 |
|
|
|a TXAG
|
| 050 |
0 |
0 |
|a PZ7.V67
|b Myt 1995
|
| 082 |
0 |
|
|a [E]
|
| 100 |
1 |
|
|a Vigna, Judith.
|
| 245 |
1 |
0 |
|a My two uncles /
|c Judith Vigna.
|
| 264 |
|
1 |
|a Morton Grove, Ill. :
|b A. Whitman,
|c 1995.
|
| 300 |
|
|
|a 1 volume (unpaged) :
|b color illustrations ;
|c 21 cm.
|
| 336 |
|
|
|a text
|b txt
|2 rdacontent
|
| 337 |
|
|
|a unmediated
|b n
|2 rdamedia
|
| 338 |
|
|
|a volume
|b nc
|2 rdacarrier
|
| 520 |
|
|
|a Elly's grandfather has trouble accepting the fact that his son is gay.
|
| 650 |
|
1 |
|a Homosexuality
|x Fiction.
|
| 650 |
|
1 |
|a Uncles
|x Fiction.
|
| 650 |
|
1 |
|a Grandfathers
|x Fiction.
|
| 650 |
|
1 |
|a [E].
|
| 948 |
|
|
|a c:en
|
| 999 |
|
|
|a MARS
|
| 999 |
f |
f |
|s 052b433c-1d50-35af-885f-fcd5ad64c0ed
|i cfa32038-04d0-3af3-ad5c-186d80146b68
|t 0
|
| 952 |
f |
f |
|p ric
|a Texas A&M University
|b Rellis Campus
|c Joint Library Facility
|d Remote Storage
|t 0
|e PZ7.V67 Myt 1995
|h Library of Congress classification
|i unmediated -- volume
|m A14822370428
|
| 998 |
f |
f |
|a PZ7.V67 Myt 1995
|t 0
|l Remote Storage
|